人口20万人以上の都市 主要都市編 - Statistics

General Stats
  • This quiz has been taken 140 times
  • The average score is 48 of 54
Answer Stats
Answer % Correct
2 川崎市
100%
1 横浜市
99%
1 名古屋市
99%
3 相模原市
98%
1 大阪市
98%
1 八王子市
97%
1 千葉市
97%
4 藤沢市
96%
5 豊橋市
96%
1 神戸市
96%
2 船橋市
96%
5 横須賀市
95%
2 町田市
95%
2 堺市
95%
2 豊田市
95%
2 姫路市
95%
1 さいたま市
95%
3 東大阪市
94%
3 岡崎市
94%
5 柏市
94%
7 高槻市
93%
2 川口市
93%
3 川越市
93%
3 松戸市
93%
4 尼崎市
92%
5 吹田市
90%
4 市川市
90%
3 西宮市
89%
5 明石市
89%
5 越谷市
88%
4 所沢市
87%
10 小田原市
86%
6 枚方市
86%
6 平塚市
85%
7 茅ヶ崎市
85%
3 府中市
85%
6 加古川市
85%
6 市原市
85%
5 西東京市
84%
4 一宮市
84%
6 春日井市
84%
8 大和市
83%
7 春日部市
83%
4 調布市
82%
7 宝塚市
82%
9 厚木市
81%
4 豊中市
81%
9 八尾市
77%
10 寝屋川市
77%
8 茨木市
74%
6 草加市
72%
8 上尾市
70%
7 流山市
70%
8 八千代市
62%
No matching quizzes found
Score Distribution
Percent of People with Each Score
Percentile by Number Answered
Your Score History
You have not taken this quiz